000
00505nam a2200145Ia 4500
008
100204s9999 xx 000 0 und d
082
_b
432
100
_a
रांगणेकर कुमुदिनी
245
_a
गोडी अपुर्णतेची
260
_b
"उदयदीप प्रकाशन , मुंबई"
_c
1978
300
_a
144
630
_a
गोडी अपुर्णतेची
730
_a
गोडी अपुर्णतेची
942
_c
BOOK
999
_c
445627
_d
445624